| 000 | 00435 a2200145 4500 | ||
|---|---|---|---|
| 999 |
_c1458 _d1458 |
||
| 020 | _a9158683267 | ||
| 050 | _aHC 430.6 OSM | ||
| 100 |
_aOsmani,S.R _eauthor |
||
| 245 |
_aThe employment nexus between growth and poverty: _ban Asian perspective/ _cS.R.Osmani |
||
| 264 |
_bSida studies, _c2005 |
||
| 300 | _a111p. | ||
| 500 | _aincludes index | ||
| 650 | _aemployment nexus between growth and poverty | ||
| 942 |
_2lcc _cBK _h 430.6 _iOSM _kHC |
||